Statistics for Nintendo Consoles

Click here to take the quiz!

General Stats

  • This quiz has been taken 29 times
  • The average score is 15 of 21

Answer Stats

Answer% Correct
Game Boy
91%
Gamecube
91%
Nintendo 64
91%
Wii
91%
3DS
86%
DS
86%
Game Boy Advance
86%
NES
86%
SNES
86%
Switch
86%
2DS
82%
Wii U
82%
Switch Lite
77%
Game Boy Color
73%
Switch OLED
68%
DSI
59%
Virtual Boy
59%
Famicom
50%
Game Boy Micro
41%
Super Famicom
36%
Color TV Game
32%

Score Distribution

Percentile by Number Answered

Percent of People with Each Score

Your Score History

You have not taken this quiz